000 00584nam a2200169Ia 4500
008 090201s9999 xx 000 0 und d
010 _aKPL-32020
040 _bमराठी
041 _aमराठी
082 _a35043
_b32020
100 _aपेंटर पुराणीक
245 _aसंचार एका कुंचल्याचा
_cपेंटर पुराणीक
260 _c2004
_bमेघना प्रकाशन
300 _a97
_bमोठा
600 _aसंचार एका कुंचल्याचा
942 _cBOOK
999 _c233214
_d233214